¿De qué escriben las escritoras en Colombia? : (Registro nro. 60301)

Detalles MARC
000 -CABECERA
Longitud fija campo de control 01528nam a2200385 a 4500
003 - • IDENTIFICADOR DELl NÚMERO DE CONTROL
Identificador del número de control CO-BoRNBP
005 - • FECHA Y HORA DE LA ÚLTIMA TRANSACCIÓN
Fecha y hora de la última transacción 20260122130142.0
007 - • CAMPO FIJO DE DESCRIPCIÓN FÍSICA
Campo fijo de descripción física ta
008 - • CÓDIGOS DE INFORMACIÓN DE LONGITUD FIJA
Códigos de información de longitud fija 251105s2025 ck gr 000 0 spa d
020 ## - • NÚMERO INTERNACIONAL NORMALIZADO PARA LIBROS
Número Internacional Normalizado para Libros (ISBN) 9789587536539
040 ## - FUENTE DE LA CATALOGACIÓN
Centro catalogador de origen CO-BoBLA
Lengua de catalogación spa
Centro transcriptor CO-BoBLA
Normas de descripción rda
041 1# - • CÓDIGO DE LENGUA
Código de lengua del texto/banda sonora o título independiente spa
Código de lengua original fre
043 ## - CÓDIGO DE ÁREA GEOGRÁFICA
Código de área geográfica s-ck---
082 04 - • NÚMERO DE LA CLASIFICACIÓN DECIMAL DEWEY
Número de clasificación (R) Co860.9
Número del ítem D36
Número de edición 21
245 00 - • TITULO PROPIAMENTE DICHO
Título ¿De qué escriben las escritoras en Colombia? :
Resto del título nota editorial /
Mención de responsabilidad, etc. coordinación editorial Pilar Quintana ; edición de Ana Lucía Barros, Camila Charry Noriega, Natalia Mejía E. ; traducción de Natalia Garzón Martínez.
250 ## - • MENCIÓN DE EDICIÓN
Mención de edición 1a. edición
264 #1 - PRODUCCIÓN, PUBLICACIÓN , DISTRIBUCIÓN, FABRICACIÓN Y COPYRIGHT
Lugar de producción, publicación, distribución, fabricación Bogotá :
Nombre del productor, editor, distribuidor, fabricante Ministerio de las Culturas, las Artes y los Saberes,
Fecha de de producción, publicación, distribución, fabricación o copyright 2025.
300 ## - • DESCRIPCIÓN FÍSICA
Extensión 93 páginas ;
Dimensiones 21 cm.
336 ## - TIPO DE CONTENIDO
Término de tipo de contenido texto
Código de tipo de contenido txt
Fuente rdacontent
337 ## - TIPO DE MEDIO
Nombre del tipo de medio sin mediación
Código del tipo de medio n
Fuente rdamedia
338 ## - TIPO DE SOPORTE
Nombre del tipo de soporte volumen
Código del tipo de soporte nc
Fuente rdacarrier
490 1# - • MENCIÓN DE SERIE
Mención de serie Biblioteca de Escritoras Colombianas
500 ## - • NOTA GENERAL
Nota general Segunda entrega.
504 ## - • NOTA DE BIBLIOGRAFÍA, ETC
Nota de bibliografía, etc. Incluye referencias bibliográficas: p. 87-91.
650 #7 - • PUNTO DE ACCESO ADICIONAL DE MATERIA - TÉRMINO DE MATERIA
Término de materia o nombre geográfico como elemento inicial Historia y crítica de la literatura colombiana.
Fuente del encabezamiento o término BLAAUTO
650 #7 - • PUNTO DE ACCESO ADICIONAL DE MATERIA - TÉRMINO DE MATERIA
Término de materia o nombre geográfico como elemento inicial Autoras colombianas
Subdivisión de materia general Crítica e interpretación.
Fuente del encabezamiento o término BLAAUTO
700 12 - • PUNTO DE ACCESO ADICIONAL - NOMBRE DE PERSONA
Nombre de persona Quintana Villalobos, Pilar,
Fechas asociadas al nombre 1972-
Término indicativo de función coordinadora editorial
700 12 - • PUNTO DE ACCESO ADICIONAL - NOMBRE DE PERSONA
Nombre de persona Barros, Ana Lucia,
Término indicativo de función editora
700 12 - • PUNTO DE ACCESO ADICIONAL - NOMBRE DE PERSONA
Nombre de persona Charry Noriega, Camila
Término indicativo de función editora
700 12 - • PUNTO DE ACCESO ADICIONAL - NOMBRE DE PERSONA
Nombre de persona Mejía E., Natalia,
Fechas asociadas al nombre 1986-
Término indicativo de función editora
700 12 - • PUNTO DE ACCESO ADICIONAL - NOMBRE DE PERSONA
Nombre de persona Garzón Martínez, Natalia
Término indicativo de función traductora
942 ## - ENTRADA DE ELEMENTOS AGREGADOS (KOHA)
Fuente de clasificaión o esquema Dewey Decimal Classification
Koha [por defecto] tipo de item LIbro
949 ## - TRATAMIENTO DE LA INFORMACIÓN LOCAL (OCLC)
a c
b c
Existencias
Perdido Fuente de clasificación o esquema Estado Físico No para préstamo Forma de adquisición Localización permanente Localización actual Localización en estanterías Fecha adquisición Préstamos totales Signatura completa Código de barras Fecha última consulta Número de copia Fecha del precio de reemplazo Tipo de item de Koha
  Dewey Decimal Classification     Ref Biblioteca de Escritoras Colombianas Biblioteca Pública San Carlos de Guaroa - Eduardo Carranza Biblioteca Pública San Carlos de Guaroa - Eduardo Carranza Literatura 01/22/2026   Co860.9 D36 SG03779 01/22/2026 Ej.1 01/22/2026 LIbro









Instituto Departamental de Cultura del Meta - Red Departamental de Bibliotecas Públicas del Meta.